<?xml version="1.0" encoding="UTF-8"?>
<record
    xmlns:xsi="http://www.w3.org/2001/XMLSchema-instance"
    xsi:schemaLocation="http://www.loc.gov/MARC21/slim http://www.loc.gov/standards/marcxml/schema/MARC21slim.xsd"
    xmlns="http://www.loc.gov/MARC21/slim">

  <leader>01859nam a22001457a 4500</leader>
  <datafield tag="020" ind1=" " ind2=" ">
    <subfield code="a">1-85168-316-X</subfield>
  </datafield>
  <datafield tag="082" ind1=" " ind2=" ">
    <subfield code="a">297.1 SAF</subfield>
  </datafield>
  <datafield tag="100" ind1=" " ind2=" ">
    <subfield code="a">Safi, Omad</subfield>
  </datafield>
  <datafield tag="245" ind1=" " ind2=" ">
    <subfield code="a">Progressive Muslims: On Justice, Gender and Pluralism</subfield>
  </datafield>
  <datafield tag="260" ind1=" " ind2=" ">
    <subfield code="a">Oxford, England</subfield>
    <subfield code="b">Oneworld Publications</subfield>
    <subfield code="c">2006</subfield>
  </datafield>
  <datafield tag="300" ind1=" " ind2=" ">
    <subfield code="a">349</subfield>
  </datafield>
  <datafield tag="505" ind1=" " ind2=" ">
    <subfield code="a">Introduction: The times they are a-changing' - a Muslim quest for justice, gender equality and pluralism: Omad Sufi

Part 1 PROGRESSIVE MUSLIMS AND CONTEMPORARY ISLAM

1. The ugly modern and the modern ugly: reclaiming the beautiful in Islam: Khaled Abou El fadl
2. In search of progressive Islam beyond 9/11: Farid Esack
3. Islam: a civilozed project in progress: Ahmet Karamustafa
4. The debts and burdens of critical Islam: Ebrahim Moosa
5. On being a scholar of Islam: risks and responsibilities: Tazim R. Kassam

Part II PROGRESSIVE MUSLIMS AND GENDER JUSTICE
6. Transforming feminism: Islam, women and gender justice: Sa'diyya Shaikh
7. Progressive Muslims and Islamic jurisprudence: the necessity for critical engagement with marriage and divorce law: Kecia Ali
8. Sexuality, diversity and ethics in the agenda of progressive Muslims: Scott Siraj al-Haqq Kugle
9. Are we up to the challenge? The need for a radical re-ordering of the Islamic discourse on women: Gwendolyn Zoharah Simmons

PART III PROGRESSIVE MUSLIMS AND PLURALISM
10. Muslims, pluralism and interfaith dialogue: Amir Hussain
11. Americ Muslim identity: rare and ethnicity in progressive Islam: Amina Wadud
12. Islamic democracy and pluralism: Ahmad S. Moussalli
13. How to put the genie back in the bottle? "Identity" islam and Muslim youth cultures in America: Marcia Hermansen
14. What is the victory of Islam? Towards a different understanding of the Ummah and political success in the contemporary world: Farish A. Noor
</subfield>
  </datafield>
  <datafield tag="650" ind1=" " ind2=" ">
    <subfield code="a">Islam-20th century</subfield>
  </datafield>
  <datafield tag="942" ind1=" " ind2=" ">
    <subfield code="c">BK</subfield>
  </datafield>
  <datafield tag="952" ind1=" " ind2=" ">
    <subfield code="0">0</subfield>
    <subfield code="1">0</subfield>
    <subfield code="4">0</subfield>
    <subfield code="7">0</subfield>
    <subfield code="a">HMI</subfield>
    <subfield code="b">HMI</subfield>
    <subfield code="c">GEN</subfield>
    <subfield code="d">2006-08-10</subfield>
    <subfield code="e">National Book Trust</subfield>
    <subfield code="g">395.00</subfield>
    <subfield code="l">7</subfield>
    <subfield code="m">3</subfield>
    <subfield code="o">297.1 SAF</subfield>
    <subfield code="p">021632</subfield>
    <subfield code="r">2022-04-01</subfield>
    <subfield code="s">2022-03-28</subfield>
    <subfield code="w">2017-11-16</subfield>
    <subfield code="y">BK</subfield>
  </datafield>
  <datafield tag="999" ind1=" " ind2=" ">
    <subfield code="c">20761</subfield>
    <subfield code="d">20761</subfield>
  </datafield>
</record>
